LEADER 00943cam0-2200325---450- 001 990004585280403321 005 20151117092103.0 035 $a000458528 035 $aFED01000458528 035 $a(Aleph)000458528FED01 035 $a000458528 100 $a19990604d1968----km-y0itay50------ba 101 1 $aita$cfre 102 $aIT 105 $ay-------001yy 200 1 $aAgostinismo e teologia moderna$fHenri de Lubac$gintroduzione di Giovanni Benedetti 210 $aBologna$cIl Mulino$d1968 215 $aXLIV, 360 p.$d22 cm 225 1 $aCollana di studi religiosi 454 0$1001000445334 676 $a234.1 700 1$aLubac,$bHenri de$f<1896-1991>$0119755 702 1$aBenedetti,$bGiovanni 801 0$aIT$bUNINA$gRICA$2UNIMARC 901 $aBK 912 $a990004585280403321 952 $aP.1 AGOST/S 78$bBibl. 42298$fFLFBC 959 $aFLFBC 996 $aAugustinisme et théologie moderne$925901 997 $aUNINA LEADER 00777nam0-22002891i-450- 001 990002016900403321 005 20050725143028.0 035 $a000201690 035 $aFED01000201690 035 $a(Aleph)000201690FED01 035 $a000201690 100 $a20030910d1975----km-y0itay50------ba 101 0 $apol 200 1 $aGryzki$d=Psocoptera$fJulitta Wlodarczyk 210 $aVarsavia$cPanstwowe Widawnictwo Naukowe$d1975 215 $a55 p.$d25 cm 225 1 $aKatalogu Fauny Polski$v14 610 0 $aPsocotteri 676 $a595.732 700 1$aWlodarczyk,$bJulitta$0360118 801 0$aIT$bUNINA$gRICA$2UNIMARC 901 $aBK 912 $a990002016900403321 952 $a61 IV D.7/07$b4733$fDAGEN 959 $aDAGEN 996 $aGryzki$9405747 997 $aUNINA LEADER 02263oas 2200637 a 450 001 9910626133803321 005 20250612213023.0 035 $a(OCoLC)851392682 035 $a(CONSER) 2019201175 035 $a(CKB)4100000011295664 035 $a(EXLCZ)994100000011295664 100 $a20111109a20109999 uy a 101 0 $aeng 135 $aur|nu|||||||| 200 10$a... ACM/IEEE International Conference on Cyber-Physical Systems 210 $aNew York, N.Y. $cAssociation for Computing Machinery 210 2 $aLos Alamitos, CA $cIEEE Computer Society 210 3 $aPiscataway, NJ $cIEEE 300 $aSponsored by ACM Special Interest Group on Embedded Systems (SIGBED), and IEEE Technical Committee on Real-Time Systems (TCRTS). 311 08$a2642-9500 517 1 $aICCPS ... 517 1 $aProceedings of the ... ACM/IEEE International Conference on Cyber-Physical Systems 517 1 $aProceedings ... IEEE/ACM ... International Conference on Cyber-Physical Systems 517 1 $aCyber-Physical Systems (ICCPS), IEEE/ACM International Conference on 517 1 $aCyber-physical systems 531 0 $aACM/IEEE Int. Conf. Cyber-Phys. Syst. 606 $aEmbedded computer systems$vCongresses 606 $aCybernetics$vCongresses 606 $aEmbedded computer systems$2fast$3(OCoLC)fst00908298 606 $aCybernetics$2fast$3(OCoLC)fst00885777 608 $aConference papers and proceedings.$2fast 608 $aPeriodicals.$2fast 615 0$aEmbedded computer systems 615 0$aCybernetics 615 7$aEmbedded computer systems. 615 7$aCybernetics. 676 $a006.22 712 02$aAssociation for Computing Machinery. 712 02$aAssociation for Computing Machinery.$bSpecial Interest Group on Embedded Systems. 712 02$aIEEE Computer Society.$bTechnical Committee on Real-Time Systems. 712 02$aInstitute of Electrical and Electronics Engineers. 801 0$bAU@ 801 1$bAU@ 801 2$bOCLCO 801 2$bOCLCF 801 2$bOCLCO 801 2$bOCLCA 801 2$bDLC 801 2$bOCL 801 2$bOCLCQ 801 2$bUAB 801 2$bOCLCQ 906 $aCONFERENCE 912 $a9910626133803321 996 $aACM$91888844 997 $aUNINA